Sorption and degradation of steroid hormones in soils during transport : Column studies and model evaluation /
Gespeichert in:
| Weitere Verfasser: | , , , |
|---|---|
| Format: | Artikel |
| Sprache: | English |
| Schlagworte: | |
| Tags: |
Tag hinzufügen
Keine Tags, Fügen Sie den ersten Tag hinzu!
|
| Thư viện lưu trữ: | Thư viện Trường Đại học Đà Lạt |
|---|
| LEADER | 01038nam a2200349 4500 | ||
|---|---|---|---|
| 001 | DLU090094476 | ||
| 005 | ##20091201 | ||
| 040 | # | # | |a DLU |b eng |
| 041 | # | # | |a eng |
| 044 | # | # | |a us |
| 245 | # | # | |a Sorption and degradation of steroid hormones in soils during transport : Column studies and model evaluation / |c B. S. Das ... [et al.]. |
| 653 | # | # | |a Biodegradation |
| 653 | # | # | |a Endocrine disruptor |
| 653 | # | # | |a Kinetics |
| 653 | # | # | |a Organic compounds |
| 653 | # | # | |a Persistence |
| 653 | # | # | |a Sandy soil |
| 653 | # | # | |a Sex steroid hormone |
| 700 | # | # | |a Das, B. S. |
| 700 | # | # | |a Hultgren, R. P. |
| 700 | # | # | |a Lee, L. S. |
| 700 | # | # | |a Rao, P. S. C. |
| 773 | # | # | |t Environmental Science & Technology |g Vol. 38, no. 5 (March 2004), p. 1460-1470 |
| 920 | # | # | |a Phòng Tạp chí -- Trung tâm Thông tin - Thư viện Trường Đại học Đà Lạt |
| 994 | # | # | |a DLU |
| 900 | # | # | |a True |
| 911 | # | # | |a Trương Bảo Trâm Anh |
| 925 | # | # | |a G |
| 926 | # | # | |a A |
| 927 | # | # | |a BB |
| 980 | # | # | |a Thư viện Trường Đại học Đà Lạt |